Dopredné riadenie hydraulického systému s dvomi nádržami

Gespeichert in:
Bibliographische Detailangaben
1. Verfasser: Čápková, Romana (Verfasst von)
Weitere Verfasser: Bisták, Pavol (Betreuung Doktorarbeit)
Format: Manuskript Buch
Sprache:Slowakisch
Veröffentlicht: 2015
Schlagworte:
Online-Zugang:http://is.stuba.sk/zp/portal_zp.pl?podrobnosti=102728
Tags: Tag hinzufügen
Keine Tags, Fügen Sie das erste Tag hinzu!

MARC

LEADER 00000ntm a22000003a 4500
001 stuzp49248
003 SK-STU
005 20160719153230.1
007 ta
008 150427s2015----xo-----f-mn---000-0-slo-d
040 |a STU  |b slo 
041 0 |a slo 
100 1 |a Čápková, Romana  |u 035000  |4 aut  |U FEI Fakulta elektrotechniky a informatiky  |T FEI Ústav informatiky a matematiky  |X 70147  |U E050  |Y 816  |7 70147 
242 0 1 |a Model Reference Control of a Two Tank System  |y eng 
245 1 0 |a Dopredné riadenie hydraulického systému s dvomi nádržami 
260 |c 2015 
300 |a 55 s.  |b CD-ROM 
650 4 |a regulácia  |2 slo 
650 4 |a hydraulický  |2 slo 
650 4 |a Matlab  |2 slo 
650 4 |a control  |2 eng 
650 4 |a hydraulic  |2 eng 
650 4 |a Matlab  |2 eng 
700 1 |a Bisták, Pavol  |4 ths  |X 3708  |7 A000003708 
856 4 |u http://is.stuba.sk/zp/portal_zp.pl?podrobnosti=102728 
996 |b 284ER01684  |c E*Bc- 1684  |l EE31  |s P  |a 0  |w stuzp49248_0001 
SQL |a stuzp49248  |b DBP  |c SLO  |d Dopredné riadenie hydraulického systému s dvomi nádržami  |e 70147  |f Čápková, Romana  |g 035000  |h 3708  |i Bisták, Pavol  |j 20150706  |k 73  |l 03  |m http://is.stuba.sk/zp/portal_zp.pl?podrobnosti=102728  |n B-API  |o 9.2.9. aplikovaná informatika